Most common Italian words (1/4) - Statistics

General Stats
  • This quiz has been taken 277 times
    25 since last reset
  • The average score is 79 of 138
Answer Stats
Italiano English % Correct
un a
100%
io I
100%
in in
100%
no no
100%
addosso on
100%
il | lo the
100%
a to
100%
su up, on
100%
si Yes
100%
tu | vi | voi you
100%
Yup, Yes
100%
per for
94%
lui he
94%
non not
94%
uno one
94%
lei she
94%
grazie thank you
94%
loro their, they, them
94%
allora | quindi then
94%
noi we
94%
con with
94%
da from, by
89%
è is
89%
o | oppure or
89%
oggi today
89%
bene well
89%
dove where
89%
perché because, why
83%
mi me
83%
ora Now
83%
adesso now
83%
molto very, much, many
83%
dopo after
78%
anche also
78%
finché as long as
78%
ma but
78%
ecco | qui here
78%
come how
78%
però However, but
78%
ciò it, that
78%
niente | nulla nothing
78%
di of
78%
che that
78%
there
78%
domani tomorrow
78%
chi who
78%
senza without
78%
soltanto only
72%
secondo second
72%
ieri yesterday
72%
finalmente | infine finally
67%
eh huh, eh
67%
tardi late
67%
se self, if
67%
insieme together
67%
male bad
61%
durante during
61%
dentro inside
61%
lungo long, along
61%
magari maybe
61%
prossimo next
61%
probabilmente probably
61%
qualcuno someone
61%
qualcosa something
61%
quale which
61%
oh Oh
56%
fuori outside
56%
ci us
56%
prima before
50%
fra | tra between
50%
naturalmente naturally
50%
spesso often
50%
stasera tonight, this evening
50%
sopra above, over
44%
già already
44%
meno less
44%
cioè that is, i.e
44%
stamattina This morning
44%
sotto under
44%
completamente completely
39%
davvero | veramente really
39%
mentre while
39%
intorno around
33%
dietro behind
33%
giù below, down
33%
eppure but yet, nevertheless
33%
addirittura even
33%
oltre over
33%
forse perhaps
33%
ancora yet
33%
attorno | circa about
28%
quasi almost
28%
almeno at least
28%
indietro back
28%
abbastanza enough
28%
subito immediately
28%
invece instead
28%
appena | presto soon
28%
dunque | perciò therefore
28%
eccetera etc
22%
avanti forward, go ahead
22%
ah ha
22%
comunque However
22%
solo just
22%
soprattutto mostly, mainly
22%
ne | neanche | né neither
22%
peccato shame, pity
22%
ognuno each one
17%
davanti in front of
17%
inoltre Moreover, Furthermore
17%
certamente of course
17%
verso towards
17%
contro versus
17%
chissà who knows
17%
accordo agreement
11%
poiché as
11%
affatto at all, absolutely
11%
entro within
11%
infatti indeed
6%
piuttosto Rather
6%
fino untill
6%
insomma in conclusion
0%
intanto in the meantime, meanwhile
0%
No matching quizzes found
Score Distribution
Percent of People with Each Score
Percentile by Number Answered
Your Score History
You have not taken this quiz since the last reset